| 000 | 01574nam a2200277Ia 4500 | ||
|---|---|---|---|
| 001 | 18163 | ||
| 003 | GE_BSU | ||
| 008 | 181216s||||||||xx |||||||||||||| ||und|| | ||
| 020 | _a9789941101946 | ||
| 040 | _cGE_BSU | ||
| 080 | _a811.353.1'342 | ||
| 100 | _aუთურგაიძე , თედო | ||
| 245 | _aქართული ენის დონეთა ძირითადი მახასიათებლების ურთიერთზემოქმედებისათვის გლობალურ ენობრივ სისტემაში | ||
| 245 | _cრედ. ეზუგბაია ,ლალი | ||
| 250 | _aარნოლდ ჩიქობავას სახელობის ენათმეცნიერების ინსტიტუტი | ||
| 260 | _aთბილისი | ||
| 260 | _bმერიდიანი | ||
| 260 | _c2009 | ||
| 300 | _a243გვ.20სმ. | ||
| 300 | _eბიბლ.გვ.238-243 | ||
| 541 | _h7ლ. | ||
| 653 | _aქართული ენა | ||
| 653 | _aქართული ენის დონეთა ძირითადი მახასიათებლების ურთიერთზემოქმედებისათვის გლობალურ ენობრივ სისტემაში | ||
| 653 | _aქართული ენის ფონეტიკა; ქართული ენის მორფოლოგია; ქართული ენის სინტაქსი; | ||
| 942 | _cBK | ||
| 999 |
_c51204 _d51204 |
||